=LDR 00000nam 2200000 4500 =001 INLIS000000000034475 =005 20130612140400 =008 ***********************************ind** =035 ##$$0010-061300000034475 =041 ##$$a ind =082 ##$$a 746.2 =090 ##$$a 746.2, Suj b =100 ##$$a Sudjono =245 ##$$a Berkreasi dengan benang/Soedjono =260 ##$$a 2006 $b Bandung =300 ##$$a 42 hlm., Ilus., 21 cm =650 ##$$a Kerajinan Tangan - Benang =850 ##$$a NBPNMAT